Comunicación y sociedad /

Збережено в:
Бібліографічні деталі
Автор: Hund, Wulf D. (autor)
Формат: Книга
Мова:Іспанська
Опубліковано: Madrid, España : Alberto Corazón, 1977, c1977
Редагування:2a edición
Серія:(Comunicación Alberto Corazón. Serie B ; 21)
Предмети:
Теги: Додати тег
Немає тегів, Будьте першим, хто поставить тег для цього запису!

MARC

LEADER 00000nam^a2200000^a^4500
001 000009279
005 20250521000000.0
009 20260310083620.277
020 |a 84-7053-048-8 
037 |a Acervo ITESO - Biblioteca 
041 |a ESP 
082 |a 302. 201  |b HUN 
100 |a Hund, Wulf D.  |e (autor) 
245 1 0 |a Comunicación y sociedad /  |c W.D. Hund ; tr. por J.J. Acero, Jacobo Muñoz y J. Solana. 
250 |a 2a edición 
264 4 |a Madrid, España :  |b Alberto Corazón,  |c 1977, c1977 
300 |a 150 p. 
336 |a texto  |b txt  |2 rdacontenido 
337 |a sin mediación  |b n  |2 rdamedio 
338 |a volumen  |b nc  |2 rdasoporte 
440 1 |a (Comunicación Alberto Corazón.  |p Serie B ;  |v 21) 
500 |a Traducción de: Kommunikation in der Gesellschaft 
649 |a XX 
650 |a Comunicación -  |x Teoría 
650 |a Información -  |x Aspectos Sociales y Culturales 
650 |a Comunicación Personal 
650 |a Comunicación Masiva 
650 |a Sociología de la Comunicación 
910 |a Fondo General 
920 |a Impresos - Libros 
930 |a Colección General 
905 |a 101 
901 |a 0092790100  |b IT1  |c ACC  |i 009279  |u 20250521 
902 |a https://opac.biblio.iteso.mx/vufind/Record/000009279